000 00248nam a2200097Ia 4500
008 240331s9999 xx 000 0 und d
082 _bPAT
100 _aPathmanathan, S
245 0 _aIlangai thamilar thesa valamaikalum samuka valamaikalum
942 _cL
999 _c3608
_d3608